Energetika odborný časopis pro elektrárenství, teplárenství a užití energie
Problematika výroby a rozvodu elektriny, tepla a súvisiacich oblastí. Prezentácia nových nápadov, produktov a riešení, ktoré oslovujú inštitúcie, energetické spoločnosti a ďalšie firmy v Českej republike a na Slovensku.
Saved in:
| Format: | Serial |
|---|---|
| Language: | Czech |
| Published: |
Praha
Svaz energetiky České republiky
|
| Subjects: | |
| Tags: |
No Tags, Be the first to tag this record!
|
MARC
| LEADER | 00000nas1a2200000 4500 | ||
|---|---|---|---|
| 001 | 0307164 | ||
| 005 | 20260216111332.5 | ||
| 022 | |a 0375-8842 | ||
| 041 | 0 | |a cze | |
| 044 | |a CZ | ||
| 245 | 1 | 0 | |a Energetika |b odborný časopis pro elektrárenství, teplárenství a užití energie |
| 264 | 1 | |a Praha |b Svaz energetiky České republiky | |
| 500 | |a [Do r. 2025 vydavateľstvo: Český svaz zaměstnavatelů v energetice] | ||
| 520 | |a Problematika výroby a rozvodu elektriny, tepla a súvisiacich oblastí. Prezentácia nových nápadov, produktov a riešení, ktoré oslovujú inštitúcie, energetické spoločnosti a ďalšie firmy v Českej republike a na Slovensku. | ||
| 610 | 2 | 0 | |a energetika |
| 610 | 2 | 0 | |a trh energetický |
| 610 | 2 | 0 | |a regulácia cenová |
| 610 | 2 | 0 | |a bezpečnosť energetická |
| 610 | 2 | 0 | |a zdroje energetické |